| 000 | 00466nam a22001697a 4500 | ||
|---|---|---|---|
| 003 | BD-ChCU | ||
| 005 | 20260226102025.0 | ||
| 008 | 260226b bg ||||| |||| 00| 0 ben d | ||
| 040 | _cBD-ChCU | ||
| 082 | _aREF 294.5514 TAN | ||
| 100 |
_aAjit Mookerjee. _920622 |
||
| 245 |
_aTantra asana : _ba way to self - realization ./ _cMookerjee , Ajit . |
||
| 260 |
_aBasel : _bRavi Kumar , _cC 1971 |
||
| 300 | _a161p. | ||
| 650 | 0 |
_aHinduism. _920624 |
|
| 942 |
_2ddc _cBK _n0 |
||
| 999 |
_c111760 _d111760 |
||